Principles of biochemistry

Tallennettuna:
Bibliografiset tiedot
Päätekijät:  Lehninger, Albert L,  Principles of biochemistry
Aineistotyyppi: Sách
Kieli:Undetermined
Julkaistu:  Worth Publishers  2021
Aiheet:
Tagit: Lisää tagi
Ei tageja, Lisää ensimmäinen tagi!
Thư viện lưu trữ: Trung tâm Thư viện - Trường Đại học Công nghiệp TP. Hồ Chí Minh
LEADER 00487nam a2200157Ia 4500
001 UIH_08364
008 241002s9999 xx 000 0 und d
082 |a  574.19 
100 |a  Lehninger, Albert L 
100 |a  Principles of biochemistry 
245 0 |a  Principles of biochemistry 
260 |b  Worth Publishers 
260 |c  2021 
650 |a Biochemistry; Metabolism 
927 |a Sách 
980 |a Trung tâm Thư viện - Trường Đại học Công nghiệp TP. Hồ Chí Minh